All Guns N' Roses Songs - Statistics

General Stats
  • This quiz has been taken 244 times
    202 since last reset
  • The average score is 46 of 88
Answer Stats
Album Song % Correct
Appetite for Destruction Sweet Child o' Mine
96%
Guns N' Roses Sweet Child o' Mine
96%
Appetite for Destruction Welcome to the Jungle
96%
Appetite for Destruction Paradise City
92%
Use Your Illusion I November Rain
90%
Use Your Illusion I Don't Cry
81%
Use Your Illusion II Don't Cry
81%
Appetite for Destruction Rocket Queen
81%
G N' R Lies Patience
80%
Appetite for Destruction Mr. Brownstone
79%
Appetite for Destruction Nightrain
76%
Use Your Illusion II Civil War
74%
Guns N' Roses Knockin' on Heaven's Door
74%
Use Your Illusion II Knockin' on Heaven's Door
74%
Use Your Illusion I Live and Let Die
74%
Appetite for Destruction My Michelle
73%
Use Your Illusion II You Could Be Mine
73%
Appetite for Destruction It's So Easy
72%
Guns N' Roses It's So Easy
72%
Use Your Illusion II Estranged
71%
Chinese Democracy Chinese Democracy
63%
G N' R Lies One in a Million
63%
Appetite for Destruction Out ta Get Me
63%
Appetite for Destruction Anything Goes
62%
Use Your Illusion II 14 Years
61%
Use Your Illusion I The Garden
61%
Appetite for Destruction You're Crazy
61%
G N' R Lies You're Crazy
61%
Use Your Ilusion I Coma
60%
Use Your Illusion II Get in the Ring
60%
G N' R Lies Used to Love Her
59%
Use Your Illusion II Yesterdays
59%
Live ?!*@ Like a Suicide Mama Kin
58%
Use Your Illusion I Right Next Door to Hell
58%
Use Your Ilusion I Bad Apples
57%
Use Your Ilusion I Dead Horse
57%
Use Your Illusion I Dust N' Bones
57%
Use Your Ilusion I Garden of Eden
57%
Use Your Illusion II Locomotive (Complicity)
57%
"The Spaghetti Incident?" Since I Don't Have You
55%
Appetite for Destruction Think About You
55%
Use Your Illusion II My World
54%
Interview with the Vampire (Soundtrack) Sympathy for the Devil
54%
Use Your Illusion I Bad Obsession
53%
Use Your Illusion II Pretty Tied Up (The Perils of Rock n' Roll Decadence)
50%
Use Your Illusion I Back Off B***h
49%
Live ?!*@ Like a Suicide Move to the City
49%
Guns N' Roses Move to the City
49%
Use Your Illusion II So Fine
49%
Use Your Illusion I Double Talkin' Jive
47%
Use Your Illusion II Shotgun Blues
47%
Chinese Democracy Better
46%
Use Your Ilusion I Don't Damn Me
46%
Live ?!*@ Like a Suicide Reckless Life
46%
"The Spaghetti Incident?" Hair of the Dog
44%
New Single Hard Skool
44%
Use Your Illusion II Breakdown
42%
Live ?!*@ Like a Suicide Nice Boys
42%
"The Spaghetti Incident?" Attitude
41%
Use Your Illusion I Perfect Crime
41%
"The Spaghetti Incident?" Ain't It Fun
40%
"The Spaghetti Incident?" Down on the Farm
40%
Chinese Democracy This I Love
39%
Use Your Illusion I You Ain't the First
39%
Chinese Democracy Madagascar
38%
Chinese Democracy Prostitute
38%
"The Spaghetti Incident?" New Rose
36%
Chinese Democracy Shackler's Revenge
35%
"The Spaghetti Incident?" Black Leather
33%
Chinese Democracy I.R.S.
33%
"The Spaghetti Incident?" Raw Power
31%
Chinese Democracy Sorry
31%
Chinese Democracy Street of Dreams
31%
Guns N' Roses Shadow of Your Love
30%
"The Spaghetti Incident?" Buick Makane (Big Dumb Sex)
29%
Chinese Democracy Catcher in the Rye
29%
"The Spaghetti Incident?" Human Being
29%
"The Spaghetti Incident?" I Don't Care About You
29%
Chinese Democracy There Was a Time
29%
End of Days: Original Movie Soundtrack Oh My God
27%
Live Era '87–'93 It's Alright
26%
"The Spaghetti Incident?" Look at Your Game, Girl
26%
Chinese Democracy If the World
25%
"The Spaghetti Incident?" You Can't Put Your Arms Around a Memory
25%
Chinese Democracy Scraped
24%
Chinese Democracy Riad N' the Bedouins
23%
Guns N' Roses Whole Lotta Rosie
17%
Guns N' Roses Pinball Ain't Going Down
13%
No matching quizzes found
Score Distribution
Percent of People with Each Score
Percentile by Number Answered
Your Score History
You have not taken this quiz since the last reset